[Event "Skopje op"]
[Site "Skopje"]
[Date "2019.12.12"]
[Round "9"]
[White "Cela, Shkelqim"]
[Black "Trajkovski, Mile"]
[Result "0-1"]
[WhiteElo "2236"]
[BlackElo "2075"]
[PlyCount "96"]
[EventDate "2019.12.06"]
[EventType "swiss"]
[EventRounds "9"]
[EventCountry "MKD"]
[SourceTitle "CBM 193 Extra"]
[Source "ChessBase"]
[SourceDate "2020.01.31"]
[SourceVersion "1"]
[SourceVersionDate "2020.01.31"]
[SourceQuality "1"]

1. e4 c5 2. Nf3 a6 3. c3 e6 4. d4 d5 5. e5 Nc6 6. Bd3 cxd4 7. cxd4 Nb4 8. Be2 Bd7 9. Nc3 Rc8 10. 0-0 Ne7 11. a3 Nbc6 12. Bd3 g6 13. Bg5 Bg7 14. Qd2 Qb6 15. Na4 Qa5 16. Qxa5 Nxa5 17. Nc5 Rxc5 18. dxc5 Nb3 19. Rad1 Nxc5 20. Bc2 Ba4 21. Bxa4+ Nxa4 22. Bxe7 Kxe7 23. Rc1 Kd7 24. Rc2 Rc8 25. Rfc1 Rc6 26. Rxc6 bxc6 27. Rc2 h6 28. Kf1 Kc7 29. b3 Nb6 30. Nd4 Bxe5 31. Nxc6 Bd6 32. Ne5+ Kb7 33. Nxf7 Bc7 34. Nxh6 a5 35. h4 Bd6 36. Nf7 Bxa3 37. Nd8+ Ka6 38. Nxe6 Be7 39. g3 Bf6 40. Nf8 Kb5 41. Nxg6 Kb4 42. Ra2 Bc3 43. h5 Kxb3 44. Rxa5 Bxa5 45. h6 Bc3 46. h7 Bg7 47. Ke2 Kc2 48. f4 d4 0-1

[Event "Skopje op"]
[Site "Skopje"]
[Date "2019.12.09"]
[Round "5"]
[White "Cela, Shkelqim"]
[Black "Glavinac, Goran"]
[Result "0-1"]
[WhiteElo "2236"]
[BlackElo "2069"]
[PlyCount "91"]
[EventDate "2019.12.06"]
[EventType "swiss"]
[EventRounds "9"]
[EventCountry "MKD"]
[SourceTitle "CBM 193 Extra"]
[Source "ChessBase"]
[SourceDate "2020.01.31"]
[SourceVersion "1"]
[SourceVersionDate "2020.01.31"]
[SourceQuality "1"]

1. e4 c6 2. d4 d5 3. e5 Bf5 4. Nf3 e6 5. Be2 Nd7 6. 0-0 h6 7. Nbd2 Ne7 8. Re1 Bh7 9. Nf1 Nf5 10. Bd3 Be7 11. Ng3 Nxg3 12. Bxh7 Rxh7 13. hxg3 Rh8 14. Qd3 Qc7 15. Be3 0-0-0 16. a4 Kb8 17. a5 c5 18. dxc5 Bxc5 19. Bxc5 Nxc5 20. Qe3 Ne4 21. Nd4 Qc4 22. Ra3 Rc8 23. Rb3 Qa6 24. Ra3 Rc4 25. b3 Rc3 26. Qf4 Rc7 27. c4 g5 28. Qe3 Rf8 29. Rc1 f6 30. b4 fxe5 31. Nb5 Rxc4 32. Rxc4 dxc4 33. Nc3 Nxc3 34. Qxe5+ Ka8 35. Rxc3 Qc6 36. Qg7 Rc8 37. Qxh6 Qd5 38. Rf3 a6 39. Rf8 Rxf8 40. Qxf8+ Ka7 41. Qc8 e5 42. g4 Qd1+ 43. Kh2 Qd4 44. Qc7 c3 45. Kg1 e4 46. Qc8 0-1

[Event "Zadar op-A 21th"]
[Site "Zadar"]
[Date "2014.12.18"]
[Round "7"]
[White "Cela, Shkelqim"]
[Black "De Francesco, Klaus"]
[Result "1/2-1/2"]
[WhiteElo "2299"]
[BlackElo "2256"]
[PlyCount "63"]
[EventDate "2014.12.14"]
[EventType "swiss"]
[EventRounds "9"]
[EventCountry "CRO"]
[SourceTitle "EXT 2016"]
[Source "ChessBase"]
[SourceDate "2015.10.08"]
[SourceVersion "1"]
[SourceVersionDate "2015.10.08"]
[SourceQuality "1"]

1. e4 e6 2. d4 d5 3. Nd2 Be7 4. Ngf3 Nf6 5. Bd3 c5 6. dxc5 0-0 7. Qe2 a5 8. 0-0 Na6 9. e5 Nd7 10. c3 Naxc5 11. Bc2 b5 12. Re1 b4 13. Nd4 Qc7 14. N2f3 bxc3 15. bxc3 Ba6 16. Qe3 Ne4 17. Bxe4 dxe4 18. Qxe4 Qxc3 19. Bd2 Qd3 20. Nc6 Ba3 21. Qxd3 Bxd3 22. Re3 Nc5 23. Nxa5 Bb2 24. Rae1 Rfc8 25. Nb3 Bg6 26. Nxc5 Rxc5 27. Rb3 Ba3 28. Ree3 Bc1 29. Rec3 Rxc3 30. Rxc3 Bxd2 31. Nxd2 h6 32. f3 1/2-1/2

[Event "Berlin Spring op-A"]
[Site "Berlin"]
[Date "2014.05.03"]
[Round "5"]
[White "Kachibadze, Georg"]
[Black "Cela, Shkelqim"]
[Result "1-0"]
[WhiteElo "2272"]
[BlackElo "2301"]
[PlyCount "51"]
[EventDate "2014.05.01"]
[EventType "swiss"]
[EventRounds "7"]
[EventCountry "GER"]
[SourceTitle "CBM 160 Extra"]
[Source "ChessBase"]
[SourceDate "2014.07.01"]
[SourceVersion "1"]
[SourceVersionDate "2014.07.01"]
[SourceQuality "1"]

1. e4 c5 2. Nf3 e6 3. d4 cxd4 4. Nxd4 Nf6 5. Nc3 d6 6. f4 a6 7. Bd3 Nc6 8. Nf3 Be7 9. 0-0 0-0 10. Kh1 Qc7 11. a3 Nd7 12. Be3 b5 13. Nd4 Nxd4 14. Bxd4 Bf6 15. Bxf6 Nxf6 16. Qe2 Bb7 17. e5 dxe5 18. fxe5 Nd7 19. Rae1 g6 20. Be4 Rad8 21. Bxb7 Qxb7 22. Ne4 Kg7 23. Qf2 Qb6 24. Qh4 Qd4 25. Qe7 Nb8 26. Nd6 1-0

[Event "Berlin Spring op-A"]
[Site "Berlin"]
[Date "2014.05.02"]
[Round "4"]
[White "Cela, Shkelqim"]
[Black "Boettcher, Patrick"]
[Result "1-0"]
[WhiteElo "2301"]
[BlackElo "2172"]
[PlyCount "105"]
[EventDate "2014.05.01"]
[EventType "swiss"]
[EventRounds "7"]
[EventCountry "GER"]
[SourceTitle "CBM 160 Extra"]
[Source "ChessBase"]
[SourceDate "2014.07.01"]
[SourceVersion "1"]
[SourceVersionDate "2014.07.01"]
[SourceQuality "1"]

1. e4 c6 2. d4 d5 3. e5 c5 4. dxc5 e6 5. Nf3 Bxc5 6. Bd3 Nc6 7. 0-0 Nge7 8. Bf4 Ng6 9. Bg3 0-0 10. Nbd2 f5 11. exf6 Qxf6 12. Nb3 Bb6 13. Bxg6 Qxg6 14. c3 Bd7 15. Nbd4 Qf6 16. Qd2 a6 17. Rfe1 Rac8 18. Rad1 Bc7 19. Bxc7 Rxc7 20. Nxc6 Bxc6 21. Re3 Rcf7 22. Rde1 Re7 23. Re5 Bd7 24. Nd4 Qg6 25. Qe3 Ref7 26. f3 h6 27. Nxe6 Bxe6 28. Rxe6 Qc2 29. Rb6 Qa4 30. Qe6 Qh4 31. Rd1 Kh8 32. Qxd5 Re7 33. Re6 Rfe8 34. Rxe7 Rxe7 35. Qd2 Kh7 36. b3 b5 37. Qd3+ Kh8 38. g3 Qf6 39. Kg2 Re8 40. Rd2 Qc6 41. c4 bxc4 42. Qxc4 Qb6 43. Re2 Rd8 44. Re6 Qb7 45. Qe2 Qc8 46. Qxa6 Rd2+ 47. Kh3 Qd7 48. Qa8+ Kh7 49. Qe4+ Kg8 50. g4 h5 51. Ra6 hxg4+ 52. Qxg4 Qc7 53. Qc4+ 1-0

[Event "Pula op"]
[Site "Pula"]
[Date "2009.07.02"]
[Round "7"]
[White "Cela, Shkelqim"]
[Black "Loncar, Robert"]
[Result "1/2-1/2"]
[WhiteElo "2304"]
[BlackElo "2435"]
[PlyCount "33"]
[EventDate "2009.06.27"]
[EventType "swiss"]
[EventRounds "9"]
[EventCountry "CRO"]
[SourceTitle "CBM 131 Extra"]
[Source "ChessBase"]
[SourceDate "2009.09.03"]
[SourceVersion "2"]
[SourceVersionDate "2009.09.16"]
[SourceQuality "1"]

1. e4 e5 2. Nf3 Nc6 3. Bc4 Nf6 4. d3 Be7 5. 0-0 0-0 6. Bb3 d5 7. exd5 Nxd5 8. Re1 Bg4 9. h3 Bh5 10. g4 Bg6 11. Nxe5 Nxe5 12. Rxe5 c6 13. Qf3 Bf6 14. Re2 a5 15. Bxd5 cxd5 16. Nc3 Bxc3 17. bxc3 1/2-1/2

[Event "EU-Cup 24th"]
[Site "Kallithea"]
[Date "2008.10.20"]
[Round "4"]
[White "Beinoras, Mindaugas"]
[Black "Cela, Shkelqim"]
[Result "1/2-1/2"]
[WhiteElo "2434"]
[BlackElo "2302"]
[PlyCount "50"]
[EventDate "2008.10.17"]
[EventType "team-swiss"]
[EventRounds "7"]
[EventCountry "GRE"]
[SourceTitle "CBM 127"]
[Source "ChessBase"]
[SourceDate "2008.11.13"]
[SourceVersion "1"]
[SourceVersionDate "2008.11.13"]
[SourceQuality "1"]
[WhiteTeam "Panevezys"]
[BlackTeam "Butrinti"]
[WhiteTeamCountry "LTU"]
[BlackTeamCountry "ALB"]

1. d4 Nf6 2. c4 e6 3. Nf3 b6 4. g3 Ba6 5. Qa4 c5 6. Bg2 Bb7 7. 0-0 cxd4 8. Nxd4 Bxg2 9. Kxg2 Qc7 10. Nc3 Be7 11. f3 a6 12. Rd1 Qb7 13. e4 0-0 14. Bf4 d6 15. Nde2 Rd8 16. Rd2 Nc6 17. Rad1 Ne5 18. Bxe5 dxe5 19. Nc1 Rxd2+ 20. Rxd2 Rc8 21. Nd3 Nd7 22. Nf2 Nf6 23. Nd3 Nd7 24. Nf2 Nf6 25. Nd3 Nd7 1/2-1/2

[Event "EU-Cup 24th"]
[Site "Kallithea"]
[Date "2008.10.17"]
[Round "1"]
[White "Fercec, Nenad"]
[Black "Cela, Shkelqim"]
[Result "1-0"]
[WhiteElo "2481"]
[BlackElo "2302"]
[PlyCount "113"]
[EventDate "2008.10.17"]
[EventType "team-swiss"]
[EventRounds "7"]
[EventCountry "GRE"]
[SourceTitle "CBM 127"]
[Source "ChessBase"]
[SourceDate "2008.11.13"]
[SourceVersion "1"]
[SourceVersionDate "2008.11.13"]
[SourceQuality "1"]
[WhiteTeam "Siroki Brijeg"]
[BlackTeam "Butrinti"]
[WhiteTeamCountry "BIH"]
[BlackTeamCountry "ALB"]

1. e4 c5 2. Nf3 e6 3. d4 cxd4 4. Nxd4 Nf6 5. Nc3 d6 6. Be3 a6 7. Qd2 Be7 8. f3 Nc6 9. g4 0-0 10. 0-0-0 Nxd4 11. Bxd4 Nd7 12. h4 b5 13. g5 b4 14. Na4 Rb8 15. Kb1 Qc7 16. b3 Bb7 17. Bh3 d5 18. g6 hxg6 19. h5 Ne5 20. Qf4 Bd6 21. hxg6 Nxg6 22. Qg5 Qe7 23. Qg2 dxe4 24. Bg4 Bf4 25. Qh3 Qh4 26. Qxh4 Nxh4 27. Rxh4 f5 28. Bh5 Bg3 29. Rh3 Bf4 30. Bg6 Bh6 31. Nc5 exf3 32. Nxb7 Rxb7 33. Bc5 Rc8 34. Rxf3 Bg5 35. Be3 Bf6 36. Bf4 Rc3 37. Rfd3 Rxd3 38. Rxd3 Kf8 39. Bd6+ Be7 40. Be5 Bf6 41. Bg3 Bg5 42. Bf2 Ke7 43. Bd4 Rb8 44. Bh5 Bf4 45. Bxg7 e5 46. Rd1 Rg8 47. Rg1 Rd8 48. Be2 Be3 49. Rd1 Rxd1+ 50. Bxd1 Bd4 51. Bh5 f4 52. Kc1 Bc3 53. Kd1 Ke6 54. Bg6 Kd5 55. Ke2 Kd4 56. Kf3 a5 57. Bf6 1-0

[Event "Dubrovnik op"]
[Site "Dubrovnik"]
[Date "2008.04.24"]
[Round "5"]
[White "Cela, Shkelqim"]
[Black "Losic, Faruk"]
[Result "1-0"]
[WhiteElo "2286"]
[BlackElo "2041"]
[PlyCount "53"]
[EventDate "2008.04.24"]
[EventType "swiss"]
[EventRounds "7"]
[EventCountry "CRO"]
[SourceTitle "CBM 124 Extra"]
[Source "ChessBase"]
[SourceDate "2008.07.03"]
[SourceVersion "1"]
[SourceVersionDate "2008.07.03"]
[SourceQuality "1"]

1. e4 Nf6 2. e5 Nd5 3. d4 d6 4. Nf3 Bg4 5. Be2 e6 6. 0-0 Be7 7. h3 Bh5 8. c4 Nb6 9. exd6 cxd6 10. Nc3 0-0 11. Be3 d5 12. c5 Nc4 13. Bxc4 dxc4 14. Qe2 Bxf3 15. gxf3 Bg5 16. Ne4 Bxe3 17. fxe3 f5 18. Nd6 Qh4 19. Kh2 Nc6 20. Rg1 Rf6 21. Rg3 Rh6 22. Rag1 Kf8 23. Qg2 g6 24. f4 Qe7 25. Nxc4 Nb4 26. Nd6 Nd5 27. Nxf5 1-0

[Event "Belgrade Trophy 18th"]
[Site "Obrenovac"]
[Date "2005.??.??"]
[Round "5"]
[White "Cela, Shkelqim"]
[Black "Brenjo, Slavisa"]
[Result "1/2-1/2"]
[WhiteElo "2254"]
[BlackElo "2472"]
[PlyCount "58"]
[EventDate "2005.11.22"]
[EventType "swiss"]
[EventRounds "9"]
[EventCountry "YUG"]
[SourceTitle "CBM 109 Extra"]
[Source "ChessBase"]
[SourceDate "2006.01.03"]
[SourceVersion "2"]
[SourceVersionDate "2006.01.03"]
[SourceQuality "1"]

1. e4 e5 2. Nf3 Nc6 3. Bc4 Nf6 4. d3 Be7 5. 0-0 0-0 6. Bb3 d6 7. c3 Na5 8. Bc2 c5 9. Nbd2 Nc6 10. Re1 Re8 11. Nf1 h6 12. Ng3 Bf8 13. h3 Be6 14. d4 cxd4 15. cxd4 exd4 16. Nxd4 Nxd4 17. Qxd4 Rc8 18. Bd3 Nd7 19. Bd2 a6 20. Bc3 Qg5 21. Qe3 Qxe3 22. Rxe3 d5 23. exd5 Bxd5 24. Be4 Bxe4 25. Rxe4 Nc5 26. Rxe8 Rxe8 27. Kf1 Na4 28. Bd4 Rd8 29. Ne2 Nc5 1/2-1/2

[Event "Belgrade Trophy 18th"]
[Site "Obrenovac"]
[Date "2005.??.??"]
[Round "7"]
[White "Cela, Shkelqim"]
[Black "Certic, Branimir"]
[Result "1/2-1/2"]
[WhiteElo "2254"]
[BlackElo "2406"]
[PlyCount "49"]
[EventDate "2005.11.22"]
[EventType "swiss"]
[EventRounds "9"]
[EventCountry "YUG"]
[SourceTitle "CBM 109 Extra"]
[Source "ChessBase"]
[SourceDate "2006.01.03"]
[SourceVersion "2"]
[SourceVersionDate "2006.01.03"]
[SourceQuality "1"]

1. e4 e6 2. d4 d5 3. Nd2 Nd7 4. Ngf3 Ne7 5. Bd3 c5 6. exd5 exd5 7. dxc5 Nxc5 8. Bb5+ Bd7 9. Bxd7+ Qxd7 10. 0-0 Nc6 11. Nb3 Ne6 12. Be3 Be7 13. Qd2 Rd8 14. Rad1 Qc7 15. Qe2 0-0 16. c3 Rfe8 17. Qb5 a6 18. Qb6 Qc8 19. Na5 Nxa5 20. Qxa5 b5 21. a4 Qb7 22. axb5 axb5 23. Qb6 Qxb6 24. Bxb6 Rd6 25. Be3 1/2-1/2

[Event "MNT op 5th"]
[Site "Sozina"]
[Date "2004.02.18"]
[Round "1"]
[White "Cela, Shkelqim"]
[Black "Markus, Robert"]
[Result "0-1"]
[WhiteElo "2274"]
[BlackElo "2527"]
[PlyCount "78"]
[EventDate "2004.02.18"]
[EventType "swiss"]
[EventRounds "9"]
[EventCountry "MNE"]
[SourceTitle "CBM 098 Extra"]
[Source "ChessBase"]
[SourceDate "2004.03.10"]
[SourceVersion "2"]
[SourceVersionDate "2004.03.10"]
[SourceQuality "1"]

1. e4 c5 2. Nf3 e6 3. d4 cxd4 4. Nxd4 a6 5. Nc3 Qc7 6. Be2 Nf6 7. 0-0 Nc6 8. Be3 Be7 9. f4 d6 10. Kh1 0-0 11. Qe1 Bd7 12. Qg3 Kh8 13. Rae1 Rae8 14. Nb3 b5 15. a3 Bc8 16. Bf3 Nd7 17. Nd4 Bb7 18. e5 dxe5 19. fxe5 Nxd4 20. Bxd4 Bxf3 21. Rxf3 Bc5 22. Bxc5 Qxc5 23. Rf2 Qc7 24. Rd2 Nb6 25. b3 Rd8 26. Red1 Rxd2 27. Rxd2 h6 28. Ne4 Nd5 29. Nd6 Qa5 30. Qd3 Qxa3 31. Rf2 Kg8 32. Qf3 f6 33. c4 Qa1+ 34. Rf1 Qxe5 35. c5 f5 36. h3 Rf6 37. Qf2 Rg6 38. Re1 Qc3 39. Re2 Qxb3 0-1